Statistics for Famous Battles Quiz

Click here to take the quiz!

General Stats

  • This quiz has been taken 37,340 times
    (5,861 since last reset)
  • The average score is 9 of 16

Answer Stats

Year Description Battle % Correct
1815Final defeat of NapoleonBattle of Waterloo
95%
1863Northern victory over Lee's forces in PennsylvaniaBattle of Gettysburg
81%
1942–1943German advance halted at Volga River; turning point on the
Eastern front in WWII
Battle of Stalingrad
79%
1942Turning point in Pacific Theater; U.S. Navy defeats Japan
thanks to codebreakers.
Battle of Midway
72%
1916Deadliest battle on the Western Front in WWIBattle of the Somme
72%
1944–1945Last major German offensive on the Western Front in WWIIBattle of the Bulge
70%
1066Decisive victory in the Norman ConquestBattle of Hastings
70%
1805Admiral Nelson defeats Napoleon's navyBattle of Trafalgar
68%
1940The Luftwaffe tries to destroy the RAFBattle of Britain
65%
1415Henry V leads British longbowmen to victory over FrenchBattle of Agincourt
50%
480 BC300 Spartans die while fighting the PersiansBattle of Thermopylae
47%
1805Napoleon's greatest victory which ended the Holy Roman EmpireBattle of Austerlitz
33%
1815Final battle in War of 1812, fought after peace was signedBattle of New Orleans
31%
732The Franks turn back Muslim conquerors in northern FranceBattle of Tours
26%
1777Burgoyne surrenders. Turning point of the American Revolution.Battles of Saratoga
25%
216 BCHannibal encircles and annihilates a numerically superior Roman ArmyBattle of Cannae
21%

Score Distribution

Percentile by Number Answered

Percent of People with Each Score

Your Score History

You have not taken this quiz since the last reset